000 00446nam a2200181Ia 4500
005 20250603145134.0
008 250603s9999 xx 000 0 und d
020 _a9786782257
050 _aPN 4781 .E85/
100 _aEsimokha, Godwin
245 0 _aIntermediate news writing and reporting
260 _aIbadan, Nigeria
260 _bBethphage associates
260 _c2017
300 _a141 p
650 _aIbadan, Nigeria
942 _cBK
999 _c40991
_d40991